ARRUPE JESUIT UNIVERSITY

CORONAVIRUS -STOP THE SPREAD - CLEAN,DISINFECT,COVER

An introduction to contemporary epistemology (Record no. 131010)

MARC details
000 -LEADER
fixed length control field 00472nam a22001457a 4500
008 - FIXED-LENGTH DATA ELEMENTS--GENERAL INFORMATION
fixed length control field 211027b ||||| |||| 00| 0 eng d
020 ## - INTERNATIONAL STANDARD BOOK NUMBER
International Standard Book Number 0631136223
050 ## - LIBRARY OF CONGRESS CALL NUMBER
Classification number BD161.D29 1985
100 ## - MAIN ENTRY--PERSONAL NAME
Personal name Dancy, Jonathan
9 (RLIN) 50750
245 ## - TITLE STATEMENT
Title An introduction to contemporary epistemology
Statement of responsibility, etc /by Jonathan Dancy
260 ## - PUBLICATION, DISTRIBUTION, ETC. (IMPRINT)
Place of publication, distribution, etc Berlin:
Name of publisher, distributor, etc Blackwell Publishing,
Date of publication, distribution, etc c1985
300 ## - PHYSICAL DESCRIPTION
Extent x, 259p.;
Dimensions 23cm.
650 ## - SUBJECT ADDED ENTRY--TOPICAL TERM
Topical term or geographic name as entry element Knowledge, theory of
General subdivision History
Chronological subdivision 20th century
9 (RLIN) 1140
942 ## - ADDED ENTRY ELEMENTS (KOHA)
Source of classification or shelving scheme Library of Congress Classification
Item type Monograph ( Printed materials)
Holdings
Withdrawn status Lost status Source of classification or shelving scheme Damaged status Not for loan Collection code Home library Current library Shelving location Date acquired Total Checkouts Full call number Barcode Date last seen Copy number Price effective from Koha item type
    Library of Congress Classification     Main Collection ARRUPE LIBRARY ARRUPE LIBRARY Main Collection 27/10/2021   BD161.D29 1985 46600007740 27/10/2021 1 27/10/2021 Monograph ( Printed materials)

 

Arrupe Library. PO Box MP320 Mt Pleasant, Harare, Zimbabwe
263 242 745411|librarian@aju.ac.zw